A son of the circus

Bibliographic Details
Main Author: Irving,John
Format: Book
Published: London : Black Swan , 1994
Subjects:

MARC

LEADER 00000cam a2200000 7i4500
001 0000007808
005 20070906.0
008 070906
020 |a 0552143588 
090 0 0 |a IRV   |b ENG 
100 1 |a Irving,John 
245 1 2 |a A son of the circus   |c John Irving 
260 |a London :   |b Black Swan ,   |c 1994 
650 0 |a English fiction 
999 |a 0000991438   |b Book   |c Adult Collection   |e Perbadanan Perpustakaan Awam Johor 
999 |a 0000991439   |b Book   |c Adult Collection   |e Perbadanan Perpustakaan Awam Johor